Sports Quiz

Random Sports or NCAA Quiz
Score 0/25 Timer 08:00
0 Plays Today
Capacity (Official) Stadium % Correct
106,201Michigan Stadium
93.4%
102,329Ohio Stadium
78%
107,282Beaver Stadium
59.7%
92,542Rose Bowl
49%
88,548Ben Hill Griffin Stadium
47.8%
92,400Tiger Stadium
47.1%
102,037Neyland Stadium
46.7%
82,000Memorial Stadium
46.5%
92,012Bryant-Denny Stadium
37%
81,067Memorial Stadium
36.2%
80,795Notre Dame Stadium
35%
93,607Los Angeles Memorial Coliseum
32.2%
87,451Jordan-Hare Stadium
29.3%
Capacity (Official) Stadium % Correct
92,746Sanford Stadium
28.5%
82,600Kyle Field
23.9%
82,300Doak Campbell Stadium
23.3%
80,321Camp Randall Stadium
23.1%
100,119Darrell K. Royal-Texas Memorial Stadium
20.1%
74,916LandShark Stadium
18.8%
75,025Spartan Stadium
17.9%
80,250Williams-Brice Stadium
14.1%
73,379Sun Devil Stadium
14.1%
76,000Donald W. Reynolds Razorback Stadium
10.4%
82,112Gaylord Family Oklahoma Memorial Stadium
8.3%
75,662California Memorial Stadium
2.2%

You're not logged in!

Compare scores with friends on all Sporcle quizzes.
OR
Log In

Sporcle TV

Today on Sporcle TV


Watch our educational content, quiz creation guides, and fun videos on Sporcle TV.

Show Comments

Extras

Top Quizzes Today


Score Distribution

Paid Content

Your Account Isn't Verified!

In order to create a playlist on Sporcle, you need to verify the email address you used during registration. Go to your Sporcle Settings to finish the process.

Report this User

Report this user for behavior that violates our Community Guidelines.

Details: